| 000 | 00358nam a2200157Ia 4500 | ||
|---|---|---|---|
| 008 | 230917s9999||||xx |||||||||||||| ||und|| | ||
| 020 | _cRS30 | ||
| 040 |
_e145661 _aMAIN |
||
| 041 | _aEnglish | ||
| 082 | _a780.5 S58S | ||
| 100 | _aGarg, Prabhu Lal | ||
| 245 | 0 | _aSangeet | |
| 260 |
_aHathras _bSangeet Karyalaya _c1960 |
||
| 300 | _a198p p. | ||
| 942 | _cBK | ||
| 999 |
_c38517 _d38517 |
||